Leaders mondiaux par image n°1 - Statistiques

Statistiques générales
  • Ce quiz a été pris 222 fois
  • Le résultat moyen est 13 sur 16
Statistiques - réponses
Par images Réponse % Correct
Etats-Unis
100%
France
100%
Russie
100%
Allemagne
99%
Chine
95%
Canada
91%
Arabie Saoudite
90%
Iran
90%
Japon
89%
Royaume-Uni
84%
Inde
83%
Espagne
61%
Égypte
55%
Brésil
54%
Mexique
51%
Chili
22%
Aucun quiz correspondant
Distribution des résultats
% des personnes avec chaque résultat
Percentile par nombre de réponses
Votre historique - résultats
Vous n’avez pas pris ce quiz